| 000 | 00365nam a22001457a 4500 | ||
|---|---|---|---|
| 003 | OSt | ||
| 005 | 20250123110713.0 | ||
| 008 | 250123b |||||||| |||| 00| 0 eng d | ||
| 040 | _cIIMT UNIVERSITY | ||
| 100 | _aPREMCHAND, MUNSHI | ||
| 245 | _aPREMCHAND KI SARVASRESTH KAHANIYAN | ||
| 260 |
_aMEERUT _bDHEERAJ POCKET BOOKS _c0000 |
||
| 300 | _a228 | ||
| 942 |
_2ddc _c01 |
||
| 999 |
_c65084 _d65084 |
||